| 000 | 00957 a2200217 4500 | ||
|---|---|---|---|
| 003 | NUST | ||
| 005 | 20221110113728.0 | ||
| 010 | _a 83017019 | ||
| 020 | _a0471896144 : | ||
| 040 | _cNust | ||
| 082 | 0 | 0 | _a511.6,BOS |
| 100 | 1 |
_aBose, R. C. _9102485 |
|
| 245 | 1 | 0 |
_aIntroduction to combinatorial theory / _cR.C. Bose and B. Manvel. |
| 260 |
_aNew York : _bWiley, _cc1984. |
||
| 300 |
_aix, 237 p. : _bill. ; _c24 cm. |
||
| 440 | 0 | _aWiley series in probability and mathematical statistics. | |
| 505 | _aPermutations and Combinations (Page-1),The Binomial Theorem (Page-24),Enumeration (Page-44), Graphs (Page-70),Finite Fields (Page-99),Finite Plane Geometries (Page-119),Orthogonal Latin Squares and Error Correcting Codes (Page-135),Balanced Incomplete Block Designs (Page-155),Problems of Choice (Page-184),Optimization (Page-202). | ||
| 650 | 0 |
_aCombinatorial analysis. _939110 |
|
| 700 | 1 |
_aManvel, B. _d1943- _9102486 |
|
| 942 |
_2ddc _cBK _k511.6,BOS |
||
| 999 |
_c181886 _d181886 |
||